|
|
|
|
| LEADER |
00806cam a2200217 7i4500 |
| 001 |
0000029854 |
| 005 |
20131203090000.0 |
| 020 |
0 |
0 |
|a 9781613249239
|
| 090 |
0 |
0 |
|a CHIN 339.9151067
|b BAN
|
| 100 |
1 |
0 |
|a Bangui
|
| 245 |
1 |
0 |
|a China a new partner for Africa's development :
|b are we heading for the end of European privileges on the black continent ?.
|
| 260 |
0 |
0 |
|a New York:
|b Nova Science Publishers,
|c 2012.
|
| 300 |
# |
# |
|a 192 p.
|
| 650 |
0 |
0 |
|a Economic development --
|z Africa
|
| 650 |
0 |
0 |
|a Infrastructure (Economics) --
|z Africa
|
| 650 |
0 |
0 |
|a China --
|x Foreign economic relations --
|z Africa
|
| 650 |
0 |
0 |
|a Africa --
|x Foreign economic relations --
|z China
|
| 650 |
0 |
0 |
|a Investments, China --
|z Africa
|
| 651 |
0 |
0 |
|a China
|
| 651 |
0 |
0 |
|a Africa
|
| 999 |
|
|
|a B000033117
|b Book
|c Countries
|e Business Information Centre
|